| 000 | 00863cam a2200181 4500 | ||
|---|---|---|---|
| 020 | _a0043800181 | ||
| 082 | 0 | 0 |
_a351.8784 _bCOL _c38, P-123 |
| 245 | 1 | 0 |
_aTransport organisation in a great city; _bthe case of London _c[by] Michael F. Collins and Timothy M. Pharoah [for the] Greater London Group, London School of Economics and Political Science; foreword by W. A. Robson. |
| 260 |
_aLondon, _bAllen and Unwin [for] the L.S.E., _c1974. |
||
| 300 |
_a660 p. _bmaps. _c25 cm. |
||
| 526 |
_a0 _b0 _c0 _d351_878400000000000_COL |
||
| 526 |
_a0 _b0 _c0 _d351_878400000000000_COL |
||
| 650 | 0 |
_aLocal transit _zEngland _zLondon Metropolitan Area. _937897 |
|
| 650 | 0 |
_aTransportation and state _zEngland _zLondon Metropolitan Area. _b29747 _937898 |
|
| 700 | 1 |
_aPharoah, Timothy M. _937899 |
|
| 710 | 2 |
_aLondon School of Economics and Political Science. _937900 |
|
| 942 |
_2ddc _cBK |
||
| 999 |
_c542647 _d542647 |
||